| 000 | 00970nam a2200253Ia 4500 | ||
|---|---|---|---|
| 003 | OSt | ||
| 005 | 20220918111921.0 | ||
| 006 | a|||||r|||| 00| 0 | ||
| 007 | ta | ||
| 008 | 220915b |||||||| |||| 00| 0 hin d | ||
| 024 | _a162884 | ||
| 037 | _cTextbook | ||
| 040 |
_bhin _aARTS _cARTS |
||
| 041 | _ahin | ||
| 082 | _aO152,3N34x, K0 | ||
| 100 | _aदेवड़ा, शरद | ||
| 245 | 0 | _aपत्थर का लैम्प-पोस्ट: प्रतिनिधि रचनाएॅं | |
| 246 | _aPatthar kā laimpa-posṭa: pratinidhi rachanāeॅan | ||
| 260 |
_aनई _bदिल्ली भारतीय ज्ञानपीठ प्रकाशन भारत _c1960 |
||
| 490 | _aज्ञानपीठ लोकोदय गं्रथमाला; 125 | ||
| 650 | _aहिन्दी साहित्य | ||
| 942 |
_hO152,3N34x, K0 _cTB _2CC |
||
| 999 |
_c117193 _d117193 |
||